000 00868njm a22002657a 4500
005 20100915102224.0
007 sd ammalaaahaa
008 100914t xxu||||| |||| 00| 0 eng d
028 _aSAP. 103
_bThe Gramophon Co.
035 _aGR-02588
100 _919854
_aShankar Khan
245 _aRaga-hem bihag side. 1 /
_cby Shankar Khan
_h[sound recording] :
260 _aDum Dum, India
_bThe Gramophon Co.
_c1972
300 _a1 sound disc [Gramophone record] :
_banalog, 33 1/3 rpm
_c12 in. (LP)
_fGramophone record
500 _aBrief record.
500 _aThe Gramophon Co.
500 _aGreen
505 _aRaga-Manj khamaj side. 2
650 _aClassical Music
_xExcerpts
_zIndia
_919855
_vVocal
700 _91184
700 _919963
700 _920097
942 _2ddc
_cGR
999 _c45857
_d45857